000 00289nam a2200121Ia 4500
005 20251222144636.0
008 251222s9999||||xx |||||||||||||| ||spa||
020 _a978-84-935132-0-7
082 _a734.22/F96
245 0 _aLas Edades del Hombre
264 _bGráficas Varona
942 _cLIB
999 _c16511
_d16511